[Event "The Sicilian Wing Gambit"]
[Site "SchemingMind.com"]
[Date "2008.08.25"]
[Round "-"]
[White "langhab"]
[Black "myghtyhill"]
[Result "1-0"]
[WhiteCountry "PHI"]
[BlackCountry "CHN"]
[WhiteElo "1731"]
[WhiteRD "84"]
[BlackElo "1639"]
[BlackRD "90"]
[GameID "168529"]

1. e4 c5 2. b4 cxb4 3. d4 d5 4. Bb5+ Nc6 5. e5 Qb6 6. Bxc6+ bxc6 7. Nf3 Bg4 8. Bb2 e6 9. h3 Bh5 10. O-O Nh6
11. g4 Nxg4 12. hxg4 Bxg4 13. Kg2 c5 14. Qd3
1-0

[Event "The Sicilian Wing Gambit"]
[Site "SchemingMind.com"]
[Date "2008.08.25"]
[Round "-"]
[White "swashbuckler"]
[Black "myghtyhill"]
[Result "1-0"]
[WhiteCountry "GBR"]
[BlackCountry "CHN"]
[WhiteElo "1932"]
[WhiteRD "83"]
[BlackElo "1639"]
[BlackRD "90"]
[GameID "168530"]

1. e4 c5 2. b4 cxb4 3. a3 Nc6 4. axb4 Nxb4 5. c3 Nc6 6. d4 e6 7. Na3 Nf6 8. Bd3 d5 9. e5 Ne4 10. Nb5 h6
11. Qc2 Be7 12. Bxe4 dxe4 13. Qxe4 O-O 14. Ne2 a6 15. O-O Bd7 16. Na3 f5 17. Qd3 Be8 18. Nf4 Bf7 19. Nc2 g5 20. Ne2 Nxe5
21. Qh3 Nc4 22. Qxh6 f4 23. Na3 Qd5 24. Nxc4 Qxc4 25. Re1 Qd3 26. Ba3 Bxa3 27. Rxa3 Qg6 28. Qh3 Kg7 29. Qf3 Rh8 30. h3
1-0

[Event "The Sicilian Wing Gambit"]
[Site "SchemingMind.com"]
[Date "2008.08.25"]
[Round "-"]
[White "lemmie"]
[Black "myghtyhill"]
[Result "1-0"]
[WhiteCountry "NED"]
[BlackCountry "CHN"]
[WhiteElo "1728"]
[WhiteRD "48"]
[BlackElo "1697"]
[BlackRD "81"]
[GameID "168531"]

1. e4 c5 2. b4 cxb4 3. a3 Nc6 4. axb4 Nxb4 5. Ba3 Nc6 6. Nf3 e5 7. Bxf8 Kxf8 8. Nc3 Nf6 9. Bc4 d6 10. Ng5 Be6
11. Bxe6
1-0

[Event "The Sicilian Wing Gambit"]
[Site "SchemingMind.com"]
[Date "2008.08.25"]
[Round "-"]
[White "schakert"]
[Black "myghtyhill"]
[Result "1-0"]
[WhiteCountry "NED"]
[BlackCountry "CHN"]
[WhiteElo "1783"]
[WhiteRD "65"]
[BlackElo "1697"]
[BlackRD "81"]
[GameID "168532"]

1. e4 c5 2. b4 cxb4 3. a3 Nc6 4. axb4 Nxb4 5. c3 Nc6 6. d4 d5 7. e5 Bf5 8. Nf3 e6 9. Bb5 Ne7 10. Ba3 Qb6
11. Qa4 O-O-O 12. Bc5 Qc7 13. O-O b6 14. Bd6 Rxd6 15. exd6 Qxd6 16. Bxc6 Nxc6 17. Ne5 Nxe5 18. dxe5 Qxe5 19. Qe8+ Kb7 20. Qd7+ Kb8
21. Rxa7 Qxh2+ 22. Kxh2
1-0

[Event "The Sicilian Wing Gambit"]
[Site "SchemingMind.com"]
[Date "2008.08.25"]
[Round "-"]
[White "Andreas Flato"]
[Black "myghtyhill"]
[Result "1-0"]
[WhiteCountry "GER"]
[BlackCountry "CHN"]
[WhiteElo "1796"]
[WhiteRD "62"]
[BlackElo "1697"]
[BlackRD "81"]
[GameID "168533"]

1. e4 c5 2. b4 cxb4 3. Bc4 Nc6 4. Nf3 e6 5. O-O Nge7 6. d4 d5 7. exd5 Nxd5 8. a3 bxa3 9. Bxa3 Bxa3 10. Nxa3 O-O
11. Qd2 Nb6 12. Bb3 a5 13. Nc4 Nxc4 14. Bxc4 b6 15. Bb5 Nb4 16. c3 Nd5 17. Ne5 f6 18. Nc6 Qd6 19. c4 Ne7 20. Nxe7+ Qxe7
21. Rfe1 Bb7 22. d5 Rad8 23. Qe3 e5 24. Qxb6 Bc8 25. Rxa5 Bf5 26. h3 Rb8 27. Qe3 Rfc8 28. Rea1 Qb4 29. Ra6 Bc2 30. d6 Rxb5
31. cxb5 Qxb5 32. Qa7 Bf5 33. Qe7 h5 34. Ra7 Qf1+ 35. Rxf1
1-0

[Event "The Sicilian Wing Gambit"]
[Site "SchemingMind.com"]
[Date "2008.08.25"]
[Round "-"]
[White "Sixmax"]
[Black "myghtyhill"]
[Result "1-0"]
[WhiteCountry "DEN"]
[BlackCountry "CHN"]
[WhiteElo "2197"]
[WhiteRD "76"]
[BlackElo "1684"]
[BlackRD "85"]
[GameID "168534"]

1. e4 c5 2. b4 cxb4 3. d4 d5 4. e5 Nc6 5. c3 Bf5 6. cxb4 Qb6 7. Nf3 Qxb4+ 8. Bd2 Qb6 9. Nc3 e6 10. Be2 Nxd4
11. Nxd4 Qxd4 12. Bb5+ Kd8 13. Bg5+
1-0